000 00389nam a2200169Ia 4500
008 210210b1959 xxu||||| |||| 00| 0 eng d
041 _aeng
082 _a230/129
100 _aOMEZ (Reginal O P)
245 _aPsychical phenomena
260 _aLondon
_bBurns & oates,
_c1959
300 _a144
650 _aPsychical
650 _aphenomena
690 _aReligion
906 _a001365
999 _c116501
_d116501